000 00228nam a2200097Ia 4500
001 644376
005 20250826153603.0
008 250824s9999 xx 000 0 und d
245 0 _aMAVİ ZAMANLAR
_cMAVİSEL YENER
260 _bTUDEM
999 _c644376
_d644376